| 000 | 01083cam a22003013a 4500 | ||
|---|---|---|---|
| 001 | 19176 | ||
| 003 | PGUSA | ||
| 005 | 20140828083415.0 | ||
| 008 | 060904s2006||||xxu|||||s|||||000 1 eng d | ||
| 040 |
_aPGUSA _beng |
||
| 042 | _adc | ||
| 050 | 4 | _aPS | |
| 100 | 1 |
_aCooper, James Fenimore, _d1789-1851 |
|
| 245 | 1 | 0 |
_aKuvauksia metsäelämästä sivistyksen äärimmäisellä rajalla : _beli Natty Bumpon elämänvaiheet _h[electronic resource] / _cJames Fenimore Cooper |
| 260 |
_bProject Gutenberg, _c2006 |
||
| 500 | _aAppears to be an abridged translation of Cooper's "The Pioneers". | ||
| 506 | _aPublic domain in the USA. | ||
| 516 | _aElectronic text | ||
| 653 | _aAdventure stories | ||
| 653 | _aHistorical fiction | ||
| 653 | _aFrontier and pioneer life -- New York (State) -- Fiction | ||
| 653 | _aNew York (State) -- History -- 1775-1865 -- Fiction | ||
| 653 | _aBumppo, Natty (Fictitious character) -- Fiction | ||
| 700 | 1 |
_aSonck, K. E., _d1852-1937 |
|
| 830 | 0 |
_aProject Gutenberg _v19176 |
|
| 856 | 4 | 0 | _uhttp://www.gutenberg.org/ebooks/19176 |
| 942 | _cEB | ||
| 999 |
_c248431 _d248431 |
||